[Event "TIPC 2015"]
[Site "Roux"]
[Date "2015.08.03"]
[Round "4.19"]
[White "Barbier, Astrid"]
[Black "Henris, Luc"]
[Result "0-1"]
[BlackElo "2162"]
[WhiteElo "1795"]
[LiveChessVersion "1.4.6"]

1. e4 e5 2. Nf3 Nc6 3. Bb5 f5 4. exf5 e4 5. Qe2 Qe7 6. Bxc6 dxc6 7. Nd4 Nh6 8.
Qh5+ Nf7 9. Nc3 Qe5 10. Nb3 Bxf5 11. a4 Bd6 12. a5 O-O 13. Nd1 Qf6 14. Ne3 Bg6
15. Qe2 Ne5 16. h3 Qh4 17. Ra4 Bh5 18. Qf1 Rxf2 19. Qxf2 Nd3+ 20. cxd3 Bg3 21.
Qxg3 Qxg3+ 22. Kf1 Rf8+ 23. Kg1 Rf2 24. Rxe4 Bf3 25. Rg4 Bxg4 26. hxg4 Re2 27.
Rh3 Re1+ 28. Nf1 Qxg4 29. Rf3 Qb4 30. d4 Qc4 0-1

[Event "TIPC 2015"]
[Site "Roux"]
[Date "2015.08.03"]
[Round "4.20"]
[White "Stoenescu, Radu"]
[Black "Bêle, Charles"]
[Result "1-0"]
[BlackElo "1689"]
[WhiteElo "2152"]
[LiveChessVersion "1.4.6"]

1. e4 e6 2. d4 d5 3. Nc3 Nf6 4. e5 Nfd7 5. f4 c5 6. Nf3 Nc6 7. Be3 cxd4 8. Nxd4
Bc5 9. Qd2 a6 10. O-O-O b5 11. Nxc6 Qb6 12. Bxc5 Qxc5 1-0

[Event "TIPC 2015"]
[Site "Roux"]
[Date "2015.08.04"]
[Round "5.1"]
[White "Hovhannisyan, Mher"]
[Black "Naumkin, Igor"]
[Result "1/2-1/2"]
[BlackElo "2437"]
[WhiteElo "2515"]
[LiveChessVersion "1.4.6"]

1. e4 e6 2. d4 d5 3. Nd2 Nc6 4. Ngf3 Nf6 5. e5 Nd7 6. c4 dxc4 7. Nxc4 Nb6 8. a3
Ne7 9. Be3 Ned5 10. Rc1 Be7 11. Bd3 Nxc4 12. Rxc4 Bd7 13. O-O Bb5 14. Rc1 Bxd3
15. Qxd3 O-O 16. Rc2 Qd7 17. Bg5 h6 18. Bc1 Rfc8 19. Qe4 c5 20. Qg4 Kh7 21. Qh5
Kg8 22. Qg4 Kh7 23. Qh5 Kg8 1/2-1/2

[Event "TIPC 2015"]
[Site "Roux"]
[Date "2015.08.04"]
[Round "5.2"]
[White "Kveinys, Aloyzas"]
[Black "Reinhart, Emmanuel"]
[Result "1-0"]
[BlackElo "2343"]
[WhiteElo "2491"]
[LiveChessVersion "1.4.6"]

1. c4 c6 2. Nf3 d5 3. e3 e6 4. b3 f5 5. Bb2 Nf6 6. Qc2 Bd6 7. Nc3 O-O 8. Be2 Bd7
9. h3 e5 10. cxd5 cxd5 11. Nb5 Bxb5 12. Bxb5 a6 13. Be2 e4 14. Nd4 Qd7 15. f4 Nc6
16. Nxc6 Rac8 17. g4 Rxc6 18. Qd1 fxg4 19. Bxg4 Qe7 20. Rc1 Rxc1 21. Qxc1 Nxg4
22. hxg4 Qd7 23. Qd1 g6 24. Qe2 Rf7 25. Kd1 Qb5 26. Qxb5 axb5 27. Bd4 Bf8 28. Ke2
Rc7 29. a4 bxa4 30. bxa4 Rc4 31. Rb1 Rb4 32. Ra1 Bg7 33. Bxg7 Kxg7 34. a5 Rb3 35.
Rc1 Rb5 36. Rc7+ Kg8 37. g5 Rxa5 38. Rxb7 Ra3 39. Rd7 Rd3 40. Kd1 Kh8 41. Kc1 Kg8
42. Kc2 Kh8 43. Kd1 Kg8 44. Ke2 Kh8 45. Ra7 Kg8 46. Ra4 Kf7 47. Ra7+ Kg8 48. Rb7
Kh8 49. Rb4 Kg7 50. Rb7+ Kh8 51. Rd7 Kg8 52. Kd1 Kh8 53. Kc1 Kg8 54. Kc2 Kh8 55.
Rb7 d4 56. Rb3 dxe3 57. dxe3 Rd7 58. Rb4 Rc7+ 59. Kd2 Rd7+ 60. Ke2 Re7 61. Kf2 h6
62. gxh6 Kh7 63. Kg3 Kxh6 64. Kg4 Re6 65. Ra4 Kg7 66. Kg5 Kf8 67. Ra8+ Kf7 68.
Ra7+ Kf8 69. Rh7 Kg8 70. Rh6 Kf7 71. Rh7+ Kg8 72. Rb7 Kf8 73. Kh6 Ra6 74. Kh7 Rf6
75. Rb8+ Kf7 76. Rg8 Ra6 77. Rg7+ Kf8 78. Rxg6 Ra3 79. Rg3 Kf7 80. Kh6 Kf6 81.
Kh5 Kf5 82. Kh4 Rb3 83. Kh3 Ra3 84. Kg2 Ra2+ 85. Kf1 Ra3 86. Rg5+ Kf6 87. Ke2
Ra2+ 88. Kd1 Ra4 89. Re5 Rc4 90. Kd2 Kf7 91. Rd5 Rc8 92. Rd4 Re8 93. Kc3 Kf6 94.
Rd5 Ra8 95. Re5 1-0

[Event "TIPC 2015"]
[Site "Roux"]
[Date "2015.08.04"]
[Round "5.3"]
[White "Sumets, Andrey"]
[Black "Lacroix, Bruno"]
[Result "1-0"]
[BlackElo "2189"]
[WhiteElo "2596"]
[LiveChessVersion "1.4.6"]

1. d4  Nf6  2. c4  e6
 3. g3  Bb4+  4. Nd2
 O-O  5. Ngf3  d5
 6. Bg2  dxc4  7. Qc2
 Nc6  8. Qxc4  Qd5
 9. O-O  Bxd2  10. Qxd5
 exd5  11. Bxd2  Bg4
 12. e3  Ne4  13. Be1
 Rfe8  14. h3  Bxf3
 15. Bxf3  f5  16. Rc1
 a5  17. Be2  Re7
 18. Bd3  g6  19. Kg2
 Kf7  20. a3  Kg7
 21. f3  Nf6  22. Bd2
 Nd8  23. g4  fxg4
 24. hxg4  Ne6  25. Be1
 c6  26. Bg3  Nd7
 27. Rh1  Rae8  28. Rhe1
 Ng5  29. Bf4  h6
 30. b4  axb4  31. axb4
 Ra8  32. Ra1  Ree8
 33. Rec1  Ne6  34. Bd6
 Nb6  35. Ra5  Red8
 36. Be5+  Kh7  37. f4
 Nd7  38. f5  Nxe5
 39. dxe5  Ng5  40. Rca1
 Rab8  41. Ra7  Re8
 42. e6  Kg7  43. Rh1
 Rh8  44. Kg3  gxf5
 45. gxf5  Kf6  46. Kf4
 Rh7  47. Be2  Rbh8
 48. Bh5  Re7  49. Ra2
 Reh7  50. Rah2  Re7
 51. Bf3  Reh7  52. Bh5
 Rc7  53. Bg6  Nxe6+ 54. fxe6
 Kxg6  55. Ke5  h5
 56. Rg1+  Kh6  57. Rxh5+
 Kxh5  58. Rh1+  1-0

[Event "TIPC 2015"]
[Site "Roux"]
[Date "2015.08.04"]
[Round "5.4"]
[White "Mastalerz, Xavier"]
[Black "Dgebuadze, Alexandre"]
[Result "1/2-1/2"]
[BlackElo "2489"]
[WhiteElo "2190"]
[LiveChessVersion "1.4.6"]

1. d4  Nf6  2. Nf3  c5
 3. c4  cxd4  4. Nxd4
 Nc6  5. Nc3  Qb6
 6. Nc2  d6  7. g3
 g6  8. Bg2  Bg7 
9. O-O  O-O  10. b3  Qa5
 11. Bb2  Qh5  12. e3
 Bg4  13. f3  Be6
 14. e4  Nd7  15. Qd2
 a6  16. Ne3  Qc5
 17. Kh1  b5  18. cxb5 axb5
 19. Ncd5  Bxb2  20. Qxb2
 Bxd5  21. Nxd5  e6
 22. Rac1 Qd4  23. Qxd4  Nxd4
 24. Nb4  Rfc8  25. f4
 Rxc1  26. Rxc1  e5
 27. Rc7  Nf6  28. Kg1
 Kg7  29. h3 Nh5  30. fxe5
 dxe5  31. Kf2  Nf6
 32. Rc5  Re8 1/2-1/2

[Event "TIPC 2015"]
[Site "Roux"]
[Date "2015.08.04"]
[Round "5.5"]
[White "Hautot, Stéphane"]
[Black "Shirazi, Kamran"]
[Result "1-0"]
[BlackElo "2409"]
[WhiteElo "2360"]
[LiveChessVersion "1.4.6"]

1. d4  Nf6  2. Nf3  g6
 3. c4  d6  4. g3
 b6  5. Bg2  Bb7 
6. Nc3  Ne4  7. d5  Nf6
 8. O-O  Bg7  9. Nd4
 O-O  10. f4  Qd7
 11. e4  c5  12. Nf3
 e6  13. e5  dxe5
 14. fxe5  Ne8  15. Bf4
 exd5  16. cxd5  Na6
 17. Ng5  Rd8  18. Bh3
 Qc7  19. e6  Bd4+
 20. Qxd4  cxd4  21. Bxc7
 Nexc7  22. e7  dxc3
 23. exf8=Q+  Rxf8  24. d6
 cxb2  25. Rae1  Nb5
 26. d7  Nc5  27. Rxf7
 Rxf7  28. d8=Q+  Rf8
 29. Qe7  1-0

[Event "TIPC 2015"]
[Site "Roux"]
[Date "2015.08.04"]
[Round "5.6"]
[White "Mueller, Martin"]
[Black "Lugovskoy, Maxim"]
[Result "0-1"]
[BlackElo "2431"]
[WhiteElo "2073"]
[LiveChessVersion "1.4.6"]

1. d4  d5  2. e3  c5
 3. c3  Nf6  4. f4
 g6  5. Nf3  Bg7 
6. Bd3  O-O  7. O-O  b6
 8. Qe2  Ne4  9. Nbd2
 Nd6  10. b3  Bf5
 11. Ne5  Bxd3  12. Nxd3
 Nd7  13. Bb2  Rc8
 14. Rac1  c4  15. Ne5
 f6  16. Nxd7  Qxd7
 17. e4  cxb3  18. exd5
 bxa2  19. Qe6+  Qxe6
 20. dxe6  Nc4  21. Nxc4
 Rxc4  22. f5  Rfc8
 23. Rcd1  b5  24. d5
 gxf5  25. Ra1  Ra4
 26. Rxf5  Rc5  27. Rd1
 Ra6  28. g4  Bh6
 29. d6  Rxd6  30. Rxd6
 exd6  31. e7  Be3+
 32. Kg2  Kf7  33. e8=Q+
 Kxe8  34. Rxf6  Rd5
 0-1

[Event "TIPC 2015"]
[Site "Roux"]
[Date "2015.08.04"]
[Round "5.7"]
[White "Godart, François"]
[Black "Bruno, Ricardo"]
[Result "1-0"]
[BlackElo "2066"]
[WhiteElo "2422"]
[LiveChessVersion "1.4.6"]

1. e4  c5  2. Nf3  d6
 3. d4  cxd4  4. Nxd4
 Nf6  5. Nc3  g6 
6. Be3  Bg7  7. f3  Nc6
 8. Bc4  O-O  9. Qd2
 Bd7  10. O-O-O  b5
 11. Ncxb5  Ne5  12. Be2
 Qb8  13. Bh6  Bxh6
 14. Qxh6  Rc8  15. h4
 a6  16. Na3  Qb7
 17. h5  Rab8  18. b3
 Qb4  19. Nb1  Rc5
 20. hxg6  fxg6  21. Qd2
 a5  22. Qxb4  axb4
 23. Kb2  Rbc8  24. a3
 bxa3+  25. Nxa3  Nc6
 26. Nxc6  Bxc6  27. b4
 Rb8  28. c3  Kg7
 29. Rd4  Rg5  30. g4
 Ra5  31. Rc4  Ra6
 32. Ra1  Rab6  33. Rd4
 R6b7  34. Ba6  Ra7
 35. Bd3  Nd7  36. Nc4
 Rxa1  37. Kxa1  Rf8
 38. Nd2  Ne5  39. Be2
 h5  40. gxh5  gxh5
 41. f4  Rxf4  42. Bxh5
 Kf6  43. Be2  Bb7
 44. b5  Ke6  45. b6
 Rf8  46. Ra4  Rb8
 47. Nb3  Kd7  48. Rb4
 e6  49. Kb2  Ke7
 50. Na5  Nc6  51. Nxc6+
 Bxc6  52. Kc2  Bb7
 53. Kd2  Kf6  54. Ke3
 1-0

[Event "TIPC 2015"]
[Site "Roux"]
[Date "2015.08.04"]
[Round "5.8"]
[White "Soors, Stef"]
[Black "Decrop, Benjamin"]
[Result "1/2-1/2"]
[BlackElo "2004"]
[WhiteElo "2407"]
[LiveChessVersion "1.4.6"]

1. e4 c5 2. c3 Nf6 3. e5 Nd5 4. Nf3 e6 5. Bc4 d6 6. d4 cxd4 7. cxd4 Nc6 8. O-O
Be7 9. Qe2 O-O 10. Nc3 Nxc3 11. bxc3 dxe5 12. dxe5 Qa5 13. Bd2 Rd8 14. Rfe1 Bd7
15. Bb3 Be8 16. Qe4 Rd7 17. Rac1 Rad8 18. Bg5 h6 19. Be3 Bf8 20. h4 Ne7 21. Nd4
Nd5 22. Bd2 Rc7 23. h5 Nxc3 24. Qh4 Rdc8 25. Rxc3 Rxc3 26. Nxe6 R3c4 27. Qxc4
Qxd2 28. Qf1 Bb5 29. Rd1 Qb4 30. Qe1 Qxe1+ 31. Rxe1 Bc4 32. Nxf8 Kxf8 33. Re3 b6
34. f4 Bxb3 35. axb3 Rc2 1/2-1/2

[Event "TIPC 2015"]
[Site "Roux"]
[Date "2015.08.04"]
[Round "5.9"]
[White "Piron, Didier"]
[Black "Oganian, Miran"]
[Result "0-1"]
[BlackElo "2380"]
[WhiteElo "1981"]
[LiveChessVersion "1.4.6"]

1. Nf3  Nf6  2. c4  e6
 3. e3  c5  4. Nc3
 Be7  5. d4  cxd4
 6. exd4  d5  7. Bg5
 O-O  8. Bd3  dxc4
 9. Bxc4  Nc6  10. O-O
 Nd5  11. Bxe7  Ncxe7
 12. Re1  b6  13. Qd3
 Bb7  14. Ng5  Ng6
 15. Bxd5  Bxd5  16. Qg3
 h6  17. Nxd5  Qxg5
 18. Qxg5  hxg5  19. Nc3
 Rfd8  20. Rad1  Nf4
 21. g3  Nd5  22. Kg2
 Rac8  23. Rd3  Rc4
 24. Red1  g4  25. h4
 Nxc3  26. Rxc3  Ra4
 27. a3  e5  28. d5
 Rd4  29. Rxd4  exd4
 30. Rc7  Rxd5  31. Kf1
 d3  32. Ke1  Re5+
 33. Kd2  Re2+  34. Kxd3
 Rxb2  35. Rxa7  Rxf2
 36. Ke4  f5+  37. Ke5
 f4  38. Ra4  fxg3
 39. Rxg4  g2  40. h5
 Kh7  41. Kd6  Kh6
 42. Kc6  Kxh5  43. Rxg7
 Rf6+  0-1

[Event "TIPC 2015"]
[Site "Roux"]
[Date "2015.08.04"]
[Round "5.10"]
[White "Lombart, Philippe"]
[Black "Capone, Nicola"]
[Result "0-1"]
[BlackElo "2379"]
[WhiteElo "1976"]
[LiveChessVersion "1.4.6"]

1. d4  Nf6  2. c4  g6
 3. Nc3  Bg7  4. g3
 O-O  5. Bg2  d6 
6. Nf3  Nc6  7. O-O  Bg4
 8. h3  Bxf3  9. Bxf3
 Nd7  10. Bxc6  bxc6
 11. e4  c5  12. Be3
 cxd4  13. Bxd4  Bxd4
 14. Qxd4  Ne5  15. f4
 c5  16. Qf2  Nxc4
 17. b3  Nb6  18. f5
 Qc7  19. Nd5 Nxd5  20. exd5
 a5  21. Rac1  Qd7
 22. Rc4  Qxf5  23. Qxf5
 gxf5  24. Rxf5  f6
 25. Rg4+  Kh8  26. Re4
 Ra7  27. Kf2  Rg8
 28. g4  h6  29. h4
 Kh7  30. Rf3  Kg6
 31. Rf5  Rb8  32. Rff4
 Rb4  33. Ke3  h5
 34. gxh5+  Kxh5  35. Rf5+
 Kg6  36. Rff4  Rxe4+
 37. Rxe4  Kf5  38. Kf3
 Rb7  39. Ke3  Kg6
 40. Kf3  Kf7  41. Ra4
 Rb4  42. Rxa5  Rxh4
 43. Rb5  Rd4  44. a4
 Rxd5  45. a5  Rd1
 0-1

[Event "TIPC 2015"]
[Site "Roux"]
[Date "2015.08.04"]
[Round "5.11"]
[White "Stromboli, Ettore"]
[Black "Van Vlaenderen, Koen"]
[Result "1-0"]
[BlackElo "1971"]
[WhiteElo "2324"]
[LiveChessVersion "1.4.6"]

1. e4 c5 2. Nf3 Nc6 3. d4 cxd4 4. Nxd4 e5 5. Nb5 d6 6. N1c3 a6 7. Na3 b5 8. Nd5
Nf6 9. Bg5 Be7 10. Bxf6 Bxf6 11. c3 Bg5 12. Nc2 Ne7 13. a4 bxa4 14. Ncb4 O-O 15.
Rxa4 a5 16. Nxe7+ Qxe7 17. Nd5 Qb7 18. b3 Kh8 19. Bc4 f5 20. exf5 Bxf5 21. O-O
Bd7 22. Ra2 Bc6 23. Qd3 a4 24. bxa4 Ra5 25. Rb1 Qa8 26. Nc7 e4 27. Qxd6 Bf4 28.
Qxf4 Rxf4 29. Nxa8 Rxa8 30. Bb5 Bd5 31. Rd2 Bf7 32. Rbd1 Bb3 33. Rd8+ Rf8 34.
Rxf8+ Rxf8 35. Rd4 Re8 36. c4 Bc2 37. a5 Kg8 38. a6 1-0

[Event "TIPC 2015"]
[Site "Roux"]
[Date "2015.08.04"]
[Round "5.12"]
[White "Van Mechelen, Jan"]
[Black "Timmermans, Daniel"]
[Result "1-0"]
[BlackElo "1964"]
[WhiteElo "2243"]
[LiveChessVersion "1.4.6"]

1. d4 f5 2. g3 Nf6 3. Bg2 g6 4. c3 Bg7 5. Qb3 d5 6. Nd2 c6 7. Nh3 Nbd7 8. Nf4 Nf8
9. Nf3 Ne4 10. Nd3 Ne6 11. h4 Nf6 12. Nfe5 Nh5 13. Bf3 O-O 14. Bxh5 gxh5 15. Bf4
Qb6 16. Qc2 c5 17. e3 c4 18. Nc1 a5 19. Qe2 Qb5 20. Rb1 Qe8 21. Qf3 Nxf4 22. gxf4
Be6 23. Kd2 Kh8 24. Ne2 b5 25. Ng3 Bxe5 26. dxe5 Bf7 27. Qd1 e6 28. Ke2 Bg6 29.
Qd4 Qc6 30. Kf1 Rfb8 31. Rg1 b4 32. Ne2 Rb7 33. Qd2 Rab8 34. Nd4 Qd7 35. Kg2 Bf7
36. Kh3 Qa4 37. b3 cxb3 38. axb3 Qe8 39. cxb4 axb4 40. Ra1 Ra8 41. Rxa8 Qxa8 42.
Rc1 Qg8 43. f3 Be8 44. Kh2 Rg7 45. Rc8 Qf7 46. Qxb4 Rg8 47. Qd2 Qg7 48. Qf2 Qd7
49. Rc1 Bf7 50. Qb2 Qe7 51. Kh3 Be8 52. Qf2 Qd7 53. Rg1 Bg6 54. Qa2 Bf7 55. Rxg8+
Bxg8 56. Qg2 Bf7 57. Qa2 Qc8 58. Qa3 Kg8 59. b4 Qc4 60. Qb2 Qd3 61. Qe2 Qb1 62.
Qg2+ Kf8 63. b5 Qb4 64. Qe2 Qb1 65. Kg2 Qb4 66. Qc2 Qe7 67. Qb2 Qb7 68. b6 Ke8
69. Qb5+ Kd8 70. Qc6 Qa6 71. b7 Qa2+ 72. Kg3 Qb1 73. Qd6+ 1-0

[Event "TIPC 2015"]
[Site "Roux"]
[Date "2015.08.04"]
[Round "5.13"]
[White "Ronse, Ivan"]
[Black "Wiley, Tom"]
[Result "1-0"]
[BlackElo "2234"]
[WhiteElo "1947"]
[LiveChessVersion "1.4.6"]

1. Nf3 Nf6 2. g3 d5 3. Bg2 Bf5 4. b3 e6 5. Bb2 c5 6. O-O Nc6 7. d3 h6 8. Nbd2 Be7
9. c4 d4 10. a3 a5 11. a4 Qd7 12. Nb1 Rd8 13. Na3 O-O 14. Nh4 Bh7 15. Nf3 e5 16.
Nd2 Kh8 17. Nb5 Rfe8 18. Qc2 Bf8 19. Rfe1 Bf5 20. Rad1 Rc8 21. Ba3 b6 22. Ne4
Nxe4 23. dxe4 Bh3 24. Nc3 Bxg2 25. Kxg2 Ne7 26. e3 Qc6 27. Nd5 Qg6 28. exd4 exd4
29. Qd3 Rb8 30. f4 Nxd5 31. cxd5 Rbd8 32. Qf3 Qd6 33. Rxd4 Qb8 34. Rd2 b5 35. e5
c4 36. Bxf8 Rxf8 37. axb5 Qxb5 38. bxc4 Qxc4 39. Qe4 Qc5 40. Qd4 1-0

[Event "TIPC 2015"]
[Site "Roux"]
[Date "2015.08.04"]
[Round "5.14"]
[White "Hoffmeister, Frank"]
[Black "Jognery, Lionel"]
[Result "1-0"]
[BlackElo "1962"]
[WhiteElo "2215"]
[LiveChessVersion "1.4.6"]

1. d4 d5 2. c4 c6 3. Nf3 Nf6 4. Qc2 dxc4 5. e4 Bg4 6. Be3 e6 7. Bxc4 Nbd7 8. Nbd2
Be7 9. O-O O-O 10. Bd3 h6 11. a3 Rc8 12. h3 Bxf3 13. Nxf3 c5 14. Qe2 cxd4 15.
Bxd4 Bc5 16. Bxf6 Qxf6 17. e5 Qf4 18. Kh1 Bb6 19. g3 Qa4 20. Bb5 Qb3 21. Bxd7 Rc2
22. Qe4 Rc4 23. Nd2 Rxe4 24. Nxb3 Rd8 25. Rad1 a6 26. Nc1 Kf8 27. b4 Rxe5 28. Kg2
a5 29. bxa5 Rxa5 30. a4 Rf5 31. f4 g5 32. Ne2 Ke7 33. Bb5 gxf4 34. Rxd8 Bxd8 35.
Rxf4 Rxf4 36. Nxf4 Kf6 37. Kf3 Ke5 38. Be8 1-0

[Event "TIPC 2015"]
[Site "Roux"]
[Date "2015.08.04"]
[Round "5.15"]
[White "Huynh, Laurent"]
[Black "Sclacmender, Julien"]
[Result "1/2-1/2"]
[BlackElo "2209"]
[WhiteElo "1876"]
[LiveChessVersion "1.4.6"]

1. c4 c5 2. Nc3 Nc6 3. g3 g6 4. Bg2 Bg7 5. d3 Nf6 6. e4 d6 7. Nge2 Bd7 8. O-O Qc8
9. Nf4 O-O 10. Nfd5 Re8 11. Rb1 Nd4 12. b4 Nxd5 13. Nxd5 cxb4 14. Nxb4 Rb8 15.
Be3 Qc7 16. Qd2 Qa5 17. f3 Rbc8 18. Qf2 Nc6 19. Nxc6 Bxc6 20. Bh3 Ra8 21. d4 Qd8
22. d5 Bd7 23. Bxd7 Qxd7 24. c5 dxc5 25. Bxc5 b6 26. Bd4 Rec8 27. Bxg7 Kxg7 28.
Qd4+ Kg8 29. Rfc1 h5 30. Kg2 Qb7 31. Qa4 a6 32. Rc6 b5 33. Qc2 Rxc6 34. dxc6 Qc7
35. Rd1 Rc8 36. Qc3 b4 1/2-1/2

[Event "TIPC 2015"]
[Site "Roux"]
[Date "2015.08.04"]
[Round "5.16"]
[White "Henris, Luc"]
[Black "Delmont, Jean-Robert"]
[Result "1-0"]
[BlackElo "1957"]
[WhiteElo "2162"]
[LiveChessVersion "1.4.6"]

1. e4 c5 2. Nf3 d6 3. d4 cxd4 4. Nxd4 Nf6 5. Nc3 g6 6. Be2 Bg7 7. Be3 Nc6 8. Nb3
O-O 9. f4 Na5 10. g4 Be6 11. g5 Nd7 12. Bd4 Nc6 13. Bxg7 Kxg7 14. Qd2 Nb6 15.
O-O-O Rh8 16. h4 h5 17. gxh6+ Rxh6 18. Nd4 Qh8 19. f5 Bc4 20. fxg6 Nxd4 21. Qxd4+
e5 22. Qxd6 Re8 23. Bxc4 Rxg6 24. Qd3 1-0

[Event "TIPC 2015"]
[Site "Roux"]
[Date "2015.08.05"]
[Round "6.1"]
[White "Naumkin, Igor"]
[Black "Sumets, Andrey"]
[Result "1/2-1/2"]
[BlackElo "2596"]
[WhiteElo "2437"]
[LiveChessVersion "1.4.6"]

1. d4 d5 2. c4 c6 3. Nf3 Nf6 4. Nc3 e6 5. e3 Nbd7 6. Qc2 Bd6 7. Bd3 O-O 8. O-O
dxc4 9. Bxc4 e5 10. Bb3 h6 11. h3 Re8 12. dxe5 Nxe5 13. Nd4 c5 14. Nf5 c4 15. Ba4
Bxf5 16. Qxf5 Qc8 17. Qxc8 Rexc8 18. Bc2 Rd8 19. f4 Nd3 20. e4 Bc5+ 21. Kh2 Bd4
22. e5 Bxc3 23. bxc3 Ne4 24. f5 Nxc3 25. f6 Ne2 26. Be3 Nd4 27. Bxd3 cxd3 28.
Rab1 b6 29. fxg7 h5 30. Bg5 Rd5 31. Bf6 Re8 32. Rbd1 Nc6 33. Rf5 Rexe5 34. Bxe5
Nxe5 35. Kg3 Kxg7 36. Rxh5 f6 37. Kf2 Rc5 38. Rd2 Rc2 39. Ke1 Rc1+ 40. Kf2 Rc2
41. Ke3 1/2-1/2

[Event "TIPC 2015"]
[Site "Roux"]
[Date "2015.08.05"]
[Round "6.2"]
[White "Hovhannisyan, Mher"]
[Black "Kveinys, Aloyzas"]
[Result "0-1"]
[BlackElo "2491"]
[WhiteElo "2515"]
[LiveChessVersion "1.4.6"]

1. d4  Nf6  2. c4  e6
 3. Nc3  Bb4  4. e3
 O-O  5. Nge2  d5
 6. a3  Bd6  7. c5
 Be7  8. b4  c6 
9. Ng3  a5  10. Bd2  e5
 11. Be2  Nfd7  12. O-O
 Bf6  13. dxe5  Nxe5
 14. Qc2  g6  15. f4
 Ng4  16. h3  Nh6
 17. Bd3  Bg7  18. Rab1
 axb4  19. axb4  Re8
 20. Nce2  Qh4  21. Rf3
 Nd7  22. Be1  Qe7
 23. Bc3  Bxc3  24. Qxc3
 Nf6  25. Nd4  Bd7
 26. Ra1  Kf8  27. Nf1
 Ne4  28. Bxe4 Qxe4  29. Ng3
 Qe7  30. Rxa8  Rxa8
 31. Ndf5  gxf5  32. Qh8+
 Ng8  33. Nh5  Qe6
 34. Rg3  Ke7  35. Rxg8
 Qxe3+  36. Kh2  Rxg8
 37. Qxg8  Qe6  38. Qxh7
 d4  39. Qg7  d3 
40. Qd4  Qd5  41. Qf6+  Ke8
 42. Qh8+  Ke7  43. Qf6+
 Ke8  44. Qh4  Kf8
 45. Nf6  Qe6  46. Qg5
 Ke7  47. Ne4+  f6
 48. Qg7+  Ke8  49. Nxf6+
 Kd8  50. Nxd7  Qxd7
 51. Qf6+  Kc8  52. Qh8+
 Qd8  53. Qa1  d2
 54. Qa8+  0-1

[Event "TIPC 2015"]
[Site "Roux"]
[Date "2015.08.05"]
[Round "6.3"]
[White "Godart, François"]
[Black "Hautot, Stéphane"]
[Result "0-1"]
[BlackElo "2360"]
[WhiteElo "2422"]
[LiveChessVersion "1.4.6"]

1. e4  c5  2. Nf3  d6
 3. Bb5+  Nd7  4. d4
 a6  5. Bxd7+  Bxd7
 6. dxc5  dxc5  7. Qe2
 e6  8. O-O  Ne7 
9. Rd1  Qc7  10. Nc3  Ng6
 11. Bg5  f6  12. Be3
 Be7  13. a4  Kf7
 14. Nd2  Rhd8  15. a5
 Bd6  16. Qh5  Be5
 17. Nc4  Bxc3  18. bxc3
 Bb5  19. Nb6  Rxd1+
 20. Rxd1  Rd8  21. Rxd8 Qxd8
 22. h3  Bc6  23. e5
 f5  24. Qxh7  Qd1+
 25. Kh2  Qf1  26. f3
 Bxf3  27. gxf3  Qe2+
 28. Kh1  Qxf3+  29. Kh2
 Qe2+  30. Kh1  Qf3+
 31. Kh2  Qxe3  32. Qh5
 Qxe5+  33. Kh1  Qe1+
 34. Kh2  Qd2+  35. Kh1
 Qc1+  36. Kh2  Qxc2+
 37. Kh1  Qxc3  38. Nc8
 Qe1+  39. Kh2  Qd2+
 40. Kh1  Qd5+  41. Kh2
 c4  0-1

[Event "TIPC 2015"]
[Site "Roux"]
[Date "2015.08.05"]
[Round "6.4"]
[White "De Villers, Mourad"]
[Black "Dgebuadze, Alexandre"]
[Result "0-1"]
[BlackElo "2489"]
[WhiteElo "2123"]
[LiveChessVersion "1.4.6"]

1. c4  e5  2. g3  Nf6
 3. Bg2  Nc6  4. Nf3
 Bc5  5. O-O  d6 
6. d3  O-O  7. Nc3  h6
 8. a3  a5  9. b3
 Nd4  10. e3  Nxf3+
 11. Bxf3  Bb6  12. Bb2
 c6  13. Qc2  Bh3
 14. Rfc1  Ng4  15. Qe2
 f5  16. Na4  Bc7
 17. d4  Qg5  18. dxe5
 dxe5  19. Nc5  Rae8
 20. Rd1  Re7  21. Bxg4
 Bxg4  22. f3  Bh5
 23. Qf2  f4  24. exf4
 exf4  25. g4  Bxg4
 26. fxg4  Qxg4+  27. Qg2
 Qxg2+  28. Kxg2  Re2+
 29. Kf3  Rxb2  30. Rd7
 Bb6  0-1

[Event "TIPC 2015"]
[Site "Roux"]
[Date "2015.08.05"]
[Round "6.5"]
[White "Lugovskoy, Maxim"]
[Black "Mastalerz, Xavier"]
[Result "1-0"]
[BlackElo "2190"]
[WhiteElo "2431"]
[LiveChessVersion "1.4.6"]

1. e4  e6  2. d4  d5
 3. Nd2  Nf6  4. e5
 Nfd7  5. Bd3  c5
 6. c3  Nc6  7. Ne2
 cxd4  8. cxd4  f6
 9. Nf4  Nxd4  10. Qh5+
 Ke7  11. exf6+  Nxf6
 12. Ng6+  hxg6  13. Qxh8
 Kf7  14. Qh4  e5
 15. Nf3  Nxf3+  16. gxf3
 Bf5  17. Bxf5  gxf5
 18. Bg5  Qa5+  19. Kf1
 g6  20. Bxf6  Qa6+
 21. Kg2  Qxf6  22. Qa4
 Qc6  23. Qb3  Bh6
 24. Rhd1  Rd8  25. Rd3
 Rd7  26. Rad1  Ke6
 27. Rc3  Qb6  28. Qa4
 d4  29. Rc8  Qd6
 30. Qxa7  d3  31. Qa4
 Kf6  32. Rg8  Qd4
 33. Qa8  e4  34. Qe8
 Rf7  35. fxe4  fxe4
 36. Qd8+  Qxd8  37. Rxd8
 Rc7  38. Re1  Kf5
 39. Rd5+  Kf4  40. Rd4
 Re7  41. f3  d2 
42. Rexe4+  Rxe4  43. Rxe4+  Kf5
 44. Rd4  Ke5  45. Rd3
 1-0

[Event "TIPC 2015"]
[Site "Roux"]
[Date "2015.08.05"]
[Round "6.6"]
[White "Oganian, Miran"]
[Black "Henris, Luc"]
[Result "1-0"]
[BlackElo "2162"]
[WhiteElo "2380"]
[LiveChessVersion "1.4.6"]

1. d4  d5  2. c4  Bf5
 3. cxd5  Bxb1  4. Qa4+
 c6  5. dxc6  Nxc6
 6. Rxb1  e5  7. Bd2
 Qxd4  8. Qxd4  Nxd4
 9. Rc1  Bd6  10. e3
 Nc6  11. Bb5  Nge7
 12. Nf3  O-O  13. Ng5
 a6  14. Bd3  h6 
15. Ne4  Bb4  16. Bxb4  Nxb4
 17. Bb1  Rac8  18. Ke2
 Rxc1  19. Rxc1  Rc8
 20. Rd1  Nbd5  21. a3
 b6  22. Ba2  Rd8
 23. Ke1  Rd7  24. Bc4
 a5  25. g4  Kf8 
26. Bb5  Rc7  27. Nc3  Rc5
 28. e4  1-0

[Event "TIPC 2015"]
[Site "Roux"]
[Date "2015.08.05"]
[Round "6.7"]
[White "Capone, Nicola"]
[Black "Maréchal, Georges"]
[Result "1-0"]
[BlackElo "1676"]
[WhiteElo "2379"]
[LiveChessVersion "1.4.6"]

1. e4  c5  2. Nf3  e6
 3. d4  cxd4  4. Nxd4
 a6  5. Bd3  Nf6 
6. O-O  Qc7  7. Qe2  d6
 8. c4  g6  9. Nc3
 Bg7  10. Nb3  O-O
 11. Be3  Nc6  12. f4
 b6  13. Rac1  Bb7
 14. Nd5  exd5 15. cxd5  Rfe8
 16. dxc6  Bc8  17. Bd4
 Bg4  18. Qc2  Be6
 19. Qc3  Bxb3  20. axb3
 Nh5  21. b4  b5 
22. Kh1  Rab8  23. Bxg7  Nxg7
 24. Bb1  Rb6  25. f5
 Re5  26. fxg6  hxg6
 27. Ba2  Ne6  28. Bd5
 Rb8  29. Rf6  Rf8
 30. Rcf1  Qc8  31. h3
 g5  32. Qg3  Ng7
 33. Rxf7  Rxf7  34. Bxf7+
 Kh7  35. Bd5 1-0

[Event "TIPC 2015"]
[Site "Roux"]
[Date "2015.08.05"]
[Round "6.8"]
[White "Reinhart, Emmanuel"]
[Black "Ronse, Ivan"]
[Result "1-0"]
[BlackElo "1947"]
[WhiteElo "2343"]
[LiveChessVersion "1.4.6"]

1. e4  c5  2. Nf3  d6
 3. d4  cxd4  4. Qxd4
 Nc6  5. Bb5  Bd7
 6. Qd3  Nf6  7. c4
 g6  8. Nc3  Bg7 
9. h3  O-O  10. O-O  a6
 11. Bxc6  Bxc6  12. Nd4
 Bd7  13. Be3  Rc8
 14. a4  Qc7  15. b3
 Rfe8  16. Rfc1  h6
 17. a5  e6  18. Nde2
 Bc6  19. Rd1  Qe7
 20. b4  d5  21. exd5
 exd5  22. cxd5  Nxd5
 23. Nxd5  Bxd5  24. Qxd5
 Bxa1  25. Rxa1  Qxb4
 26. Rd1  Qe7  27. Rb1
 Rc7  28. Rb6  Kh7
 29. Qb3  Qe5  30. Qa4
 Ree7  31. Qh4  Qa1+
 32. Kh2  Rxe3  33. fxe3
 Qxa5  34. Qd4  Qf5
 35. Ng3  Qd7  36. Rd6
 Qe7  37. Ne4 1-0